书目信息 |
| 题名: |
大门口的陌生人
|
|
| 作者: | 魏斐德 著 ;王小荷 译 | |
| 分册: | ||
| 出版信息: | 北京 新星出版社 2017.02 |
|
| 页数: | 24,241页 | |
| 开本: | 24cm | |
| 丛书名: | 魏斐德作品系列 | |
| 单 册: | ||
| 中图分类: | K296.5 , K253.06 | |
| 科图分类: | ||
| 主题词: | 鸦片战争--史料 | |
| 电子资源: | ||
| ISBN: | 978-7-5133-2378-9 | |
| 000 | 01336oam2 2200337 450 | |
| 001 | 0120172146003 | |
| 005 | 20170911161406.40 | |
| 010 | @a978-7-5133-2378-9@b精装@dCNY56.00 | |
| 100 | @a20170407d2017 em y0chiy50 ea | |
| 101 | 1 | @achi@ceng |
| 102 | @aCN@b110000 | |
| 105 | @ack z 000yy | |
| 106 | @ar | |
| 200 | 1 | @a大门口的陌生人@9da men kou de mo sheng ren@e1839-1861年间华南的社会动乱@dStrangers at the gate@esocial disorder in south China, 1839-1861@f(美)魏斐德著@g王小荷译@zeng |
| 205 | @a增订版 | |
| 210 | @a北京@c新星出版社@d2017.02 | |
| 215 | @a24,241页@c画像@d24cm | |
| 225 | 2 | @a魏斐德作品系列 |
| 330 | @a本书共分为四部分,主要内容包括:三元里:爱国主义的政治(1839-1841);大门口的陌生人:抵抗的政治(1842-1849);叛乱与反动:地方主义的政治(1850-1856)等。 | |
| 333 | @a历史爱好者 | |
| 461 | 0 | @12001 @a魏斐德作品系列 |
| 510 | 1 | @aStrangers at the gate@esocial disorder in south China, 1839-1861@zeng |
| 517 | 1 | @a1839-1861年间华南的社会动乱@91839-1861 nian jian hua nan de she hui dong luan |
| 606 | 0 | @a鸦片战争@j史料 |
| 607 | @a广东@x地方史@z1839-1861 | |
| 690 | @aK296.5@v5 | |
| 690 | @aK253.06@v5 | |
| 701 | 0 | @c(美)@a魏斐德@9wei fei de@c(Wakeman, Frederic@f1937-2006)@4著 |
| 702 | 0 | @a王小荷@9wang xiao he@4译 |
| 801 | 0 | @aCN@b人天书店@c20170407 |
| 905 | @b1062450-55@dK296.5@e350=2@f6 | |
| 大门口的陌生人:1839-1861年间华南的社会动乱=Strangers at the gate:social disorder in south China, 1839-1861/(美)魏斐德著/王小荷译.-增订版.-北京:新星出版社,2017.02 |
| 24,241页:画像;24cm.-(魏斐德作品系列) |
| 使用对象:历史爱好者 |
| ISBN 978-7-5133-2378-9(精装):CNY56.00 |
| 本书共分为四部分,主要内容包括:三元里:爱国主义的政治(1839-1841);大门口的陌生人:抵抗的政治(1842-1849);叛乱与反动:地方主义的政治(1850-1856)等。 |
| ● |
| 相关链接 |
|
|
|
|
正题名:大门口的陌生人
索取号:K296.5/350=2
 
预约/预借
| 序号 | 登录号 | 条形码 | 馆藏地/架位号 | 状态 | 备注 |
| 1 | 1062450 | 210624500 | 第二样本阅览室/ [索取号:K296.5/350=2] | 在馆 | |
| 2 | 1062451 | 210624519 | 密集书库-史法系/ [索取号:K296.5/350=2] | 在馆 | |
| 3 | 1062452 | 210624528 | 第二借阅区/ [索取号:K296.5/350=2] | 在馆 | |
| 4 | 1062453 | 210624537 | 第二借阅区/ [索取号:K296.5/350=2] | 在馆 | |
| 5 | 1062454 | 210624546 | 第二借阅区/ [索取号:K296.5/350=2] | 在馆 | |
| 6 | 1062455 | 210624555 | 第二借阅区/ [索取号:K296.5/350=2] | 在馆 |